00469nmm a2200169Ia 4500008004100000020001800041041000800059100002800067245002500095264005200120300001800172490001100190650002300201856005100224942000700275999001700282251105s9999||||xx |||||||||||||||||und|| a9788481099195 aspa aGomá Lanzón, Javier 0aIngenuidad aprendida a[Madrid, España] :bGalaxia Gutenberg, c2011 a174 páginas aEnsayo aPhilosophy, Ethics uhttps://public.digitaliapublishing.com/a/28775 cCF c85811d85811